| 000 | 01048nam a22003377a 4500 | ||
|---|---|---|---|
| 001 | 11286152 | ||
| 005 | 19951019145450.0 | ||
| 008 | 090204c xxu||||| |||| 00| 0 eng d | ||
| 010 | _a 84644362 | ||
| 022 | _a0970-7816 | ||
| 035 | _a(OCoLC)ocm10772623 | ||
| 040 |
_aDLC _cDLC _dNST _dDLC-Wa _dNST _dDLC-Wa _dNST _dDLC-Wa _dICRL |
||
| 042 | _alc | ||
| 043 | _aa-ii--- | ||
| 050 |
_aML5 _b.S726 |
||
| 245 | _aSruti. | ||
| 260 |
_aChennai _bShruti Foundation _c[1983- |
||
| 300 |
_av. : _bill. ; _c28 cm. |
||
| 310 | _aMonthly | ||
| 350 | _aRs 45.00 | ||
| 362 | _a[Issue 1] (Oct. 1983)- | ||
| 500 | _aTitle from cover. | ||
| 590 | _aSERBIB/SERLOC merged record | ||
| 650 |
_aMusic _zIndia, South _xPeriodicals. |
||
| 650 |
_aDance _zIndia, South _xPeriodicals. |
||
| 270 |
_a9, Cathedral Road, _bChennai _e600086 |
||
| 906 |
_a7 _bcbc _cserials _d3 _encip _f19 _gn-oclcserc |
||
| 942 |
_2ddc _cSR _s1 |
||
| 999 |
_c23031 _d23031 |
||